000 00288nam a22001337a 4500
008 170314b xxu||||| |||| 00| 0 eng d
020 _a0721643833
041 _aeng
080 _a611
100 _a7
101 _aSHM
245 _aBASIC HU8MAN PHYSIOLOGY
_cGUYTON.A.C
942 _2udc
_cBK
999 _c7746
_d7746